WARZYWA - Statystyki

Ogólne statystyki
  • Ten quiz został rozwiązany 92 razy
  • Średni wynik to 26 z 38
Statystyki odpowiedzi
Odpowiedź % Poprawnych
marchewka
96%
ogórek
96%
pomidor
95%
cebula
93%
sałata
91%
papryka
89%
ziemniak
89%
czosnek
87%
pietruszka
87%
seler
87%
kapusta
84%
por
83%
cukinia
81%
burak
80%
rzodkiewka
80%
brokuł
79%
kalafior
77%
fasola
76%
groch
75%
bakłażan
73%
dynia
69%
szpinak
68%
brukselka
67%
szczypiorek
67%
koper
63%
kukurydza
63%
kalarepa
61%
bób
56%
batat
53%
rukola
51%
szparagi
51%
szczaw
49%
jarmuż
47%
rzepa
47%
karczoch
35%
pasternak
28%
cykoria
25%
ciecierzyca
21%
Nie znaleziono quizów pasujących do podanych kryteriów
Rozkład punktacji
Procent ludzi z każdym wynikiem
Percentyl według liczby udzielonych odpowiedzi
Twoja historia wyników
Nie rozwiązałeś tego quizu